<?xml version="1.0" encoding="UTF-8"?><?xml-stylesheet type="text/xsl" href="static/style.xsl"?><OAI-PMH xmlns="http://www.openarchives.org/OAI/2.0/" xmlns:xsi="http://www.w3.org/2001/XMLSchema-instance" xsi:schemaLocation="http://www.openarchives.org/OAI/2.0/ http://www.openarchives.org/OAI/2.0/OAI-PMH.xsd"><responseDate>2026-04-13T04:13:20Z</responseDate><request verb="GetRecord" identifier="oai:www.recercat.cat:10230/27832" metadataPrefix="marc">https://recercat.cat/oai/request</request><GetRecord><record><header><identifier>oai:recercat.cat:10230/27832</identifier><datestamp>2025-12-22T13:32:16Z</datestamp><setSpec>com_2072_6</setSpec><setSpec>col_2072_452952</setSpec></header><metadata><record xmlns="http://www.loc.gov/MARC21/slim" xmlns:dcterms="http://purl.org/dc/terms/" xmlns:xsi="http://www.w3.org/2001/XMLSchema-instance" xmlns:doc="http://www.lyncode.com/xoai" xsi:schemaLocation="http://www.loc.gov/MARC21/slim http://www.loc.gov/standards/marcxml/schema/MARC21slim.xsd">
   <leader>00925njm 22002777a 4500</leader>
   <datafield ind2=" " ind1=" " tag="042">
      <subfield code="a">dc</subfield>
   </datafield>
   <datafield ind2=" " ind1=" " tag="720">
      <subfield code="a">Espinosa-Anke, Luis</subfield>
      <subfield code="e">author</subfield>
   </datafield>
   <datafield ind2=" " ind1=" " tag="260">
      <subfield code="c">2016-12-22T17:04:41Z</subfield>
   </datafield>
   <datafield ind2=" " ind1=" " tag="260">
      <subfield code="c">2016-12-22T17:04:41Z</subfield>
   </datafield>
   <datafield ind2=" " ind1=" " tag="260">
      <subfield code="c">2013</subfield>
   </datafield>
   <datafield ind2=" " ind1=" " tag="520">
      <subfield code="a">Paper presented at International Conference Recent Advances in Natural Language Processing RANLP 2013;2013 Sept 9-11; Hissar, Bulgaria.</subfield>
   </datafield>
   <datafield ind2=" " ind1=" " tag="520">
      <subfield code="a">Definition Extraction (DE) and terminology are contributing to help structuring the overwhelming amount of information available. This article presents KESSI (Knowledge Extraction System for Scientific/nInterviews), a multilingual domainindependent machine-learning approach to the extraction of definitional knowledge, specifically oriented to scientific interviews. The DE task was approached as both a classification and a sequential labelling task. In the latter, figures of Precision, Recall and F-Measure were similar to human annotation, and suggest that combining structural, statistical and linguistic/nfeatures with Conditional Random Fields can contribute significantly to the development of DE systems.</subfield>
   </datafield>
   <datafield ind2="0" ind1="0" tag="245">
      <subfield code="a">Towards definition extraction using conditional random fields</subfield>
   </datafield>
</record></metadata></record></GetRecord></OAI-PMH>